Online
Catalog

¿Valió la pena el golpe de estado contra Bosch? / (Record no. 23722)

MARC details
000 -CABECERA
campo de control de longitud fija 02777nam a2200289 a 4500
001 - NÚMERO DE CONTROL
campo de control 000024228
003 - IDENTIFICADOR DEL NÚMERO DE CONTROL
campo de control OSt
005 - FECHA Y HORA DE LA ÚLTIMA TRANSACCIÓN
campo de control 20260321073641.0
008 - DATOS DE LONGITUD FIJA--INFORMACIÓN GENERAL
campo de control de longitud fija 110125s1983 dr ac 001 0 spa d
040 ## - FUENTE DE LA CATALOGACIÓN
Centro catalogador/agencia de origen DO-SdBNP
Lengua de catalogación spa
Centro/agencia transcriptor BNPHU
082 ## - NÚMERO DE LA CLASIFICACIÓN DECIMAL DEWEY
Número de clasificación 972.93054
Número de documento/Ítem V297v
100 1# - ENTRADA PRINCIPAL--NOMBRE DE PERSONA
Nombre de persona Vargas, José Rafael,
Fechas asociadas al nombre 1956-
9 (RLIN) 23148
245 10 - MENCIÓN DE TÍTULO
Título ¿Valió la pena el golpe de estado contra Bosch? /
Mención de responsabilidad, etc. José Rafael Vargas ; presentación Silvio Herasme Peña.
260 ## - PUBLICACIÓN, DISTRIBUCIÓN, ETC.
Lugar de publicación, distribución, etc. Santo Domingo :
Nombre del editor, distribuidor, etc. Educativa Dominicana,
Fecha de publicación, distribución, etc. 1983.
300 ## - DESCRIPCIÓN FÍSICA
Extensión 317 p. :
Otras características físicas il., retr. ;
Dimensiones 23 cm.
490 1# - MENCIÓN DE SERIE
Mención de serie Ensayos
Designación de volumen o secuencia v. 15
504 ## - NOTA DE BIBLIOGRAFÍA, ETC.
Nota de bibliografía, etc. Bibliografía : p. 315-317
505 0# - NOTA DE CONTENIDO CON FORMATO
Información miscelánea Presentación /
Mención de responsabilidad Silvio Herasme Peña --
Título Introducción /
Mención de responsabilidad J. Alfonso Lockward --
Título Consideran la asonada militar de 1963 envileció proceso democrático recien iniciado en el país --
-- Ven conspiración contra el profesor Bosch se inició durante la campaña electoral de 1962 --
-- Los conspiradores venían planificando el golpe con mucha anticipación --
-- Coronel Fernández preparaba contragolpe para defender la constitucionalidad --
-- Fernández Domínguez relata preparativos golpe militar derrocó a Bosch --
-- La persecución contra los militares represivos trujillistas aceleró el derrocamiento de Bosch --
-- Conflicto domínico-haitiano en la frontera crea alarma y confusión; militares estuvieron alertas --
-- Mítines de reafirmación cristiana y campaña anticomunista surten efecto y militares derrocan al gobierno de Bosch --
-- Golpistas incomunicaron al profesor Juan Bosch; partidos y grupos populares condenaron asonada --
-- Triunvirato se juramenta 36 horas después del cuartelazo; el presidente De los Santos promete impulsar la economía --
-- Detiene funcionarios y decenas de personas; Ciclón Edith se agrega a las amenazas contra RD --
-- Fidel Castro comentó derrocamiento de Bosch, diciendo que se negó a ser instrumento de E.U. --
-- Jiménes Grullón declaró horas después: "Golpe de estado fue doloroso, pero inevitable" --
-- Embajador confiesa EUA siguieron a Bosch buscando pruebas era comunista; había división PRD-Gobierno --
-- Bosch revela norteamericanos no querían derrocarlo sino convertirlo en muñeco manejado desde Embajada --
-- Hechos registrados durante gestión de Juan Bosch --
-- Bosch exhorta al pueblo a defender su derecho y resalta la dignidad de la lucha democrática --
Información miscelánea Bibliografía.
590 ## - NOTA LOCAL (RLIN)
Nota local Inventariado, 2019/MFF
600 10 - PUNTO DE ACCESO ADICIONAL DE MATERIA--NOMBRE DE PERSONA
Nombre de persona Bosch, Juan,
Fechas asociadas al nombre 1909-2001
9 (RLIN) 76555
651 #4 - PUNTO DE ACCESO ADICIONAL DE MATERIA--NOMBRE GEOGRÁFICO
Nombre geográfico República Dominicana
Subdivisión general Política y Gobierno
Subdivisión cronológica Golpe de Estado,1963
9 (RLIN) 49756
651 #4 - PUNTO DE ACCESO ADICIONAL DE MATERIA--NOMBRE GEOGRÁFICO
Nombre geográfico República Dominicana
Subdivisión general Historia
Subdivisión cronológica Golpe de Estado,1963
9 (RLIN) 34712
700 1# - PUNTO DE ACCESO ADICIONAL--NOMBRE DE PERSONA
Nombre de persona Herasme Peña, Silvio,
Término indicativo de función/relación present.
9 (RLIN) 49757
830 #0 - PUNTO DE ACCESO ADICIONAL DE SERIE-TÍTULO UNIFORME
Título uniforme Ensayos
Designación de volumen o secuencia v. 15
9 (RLIN) 11110
910 ## - DATOS DE OPCIÓN DEL USUARIO (OCLC)
Datos de opción del usuario Validado. Control de calidad EMS.
942 ## - ELEMENTOS DE PUNTO DE ACCESO ADICIONAL (KOHA)
Fuente del sistema de clasificación o colocación Dewey Decimal Classification
Tipo de ítem Koha Libro
Holdings
Estado de retiro Estado de pérdida No para préstamo Código de colección Localización permanente Ubicación/localización actual Ubicación en estantería Fecha de adquisición Número de inventario Total de préstamos Signatura topográfica completa Código de barras Fecha visto por última vez Precio válido a partir de Tipo de ítem Koha
    Excluido de préstamo Patrimonio Dominicano Patrimonio Dominicano Patrimonio Dominicano Depósito 04.02.2011 LF1   972.93054 V297v 24228-10 25.06.2020 25.06.2020 Libro y Folleto Colección Patrimonio Dominicano

Powered by Koha